| 000 | 00561nam a22002177a 4500 | ||
|---|---|---|---|
| 999 |
_c6342 _d6342 |
||
| 003 | OSt | ||
| 005 | 20191003153342.0 | ||
| 008 | 191003b ||||| |||| 00| 0 eng d | ||
| 020 | _a 9780632000326 | ||
| 020 | _a0632000325 | ||
| 040 | _cDNLM | ||
| 082 | _aQZ18 T382l 1983 | ||
| 100 |
_aThomson, A.D.; Cotton, R.E. _912974 |
||
| 245 | _aLecture Notes on Pathology | ||
| 250 | _a3rd ed. | ||
| 260 |
_aOxford; _bBlackwell, _c1983 |
||
| 300 |
_axvi,764p; _bill: _c25cm |
||
| 504 | _aAppendices, & index included | ||
| 650 |
_aPathology _937 |
||
| 942 |
_2z _cB_BANK |
||